Vzory smluv a podání ve věcech: práva občanského, autorského, pracovního, obchodního, rodinného, stavebního finančního a evropského a v řízení: občanském soudním (včetně konkursu), trestním, soudním správním, notářském, správním (včetně katastru) a dále: podání adresovaná Evropskému soudnímu dvoru a Soudu prvního stupně

Gespeichert in:
Bibliographische Detailangaben
1. Verfasser: Holub, Milan
Format: Buch
Sprache:Tschechisch
Veröffentlicht: Praha Linde Praha, a.s. - Právnické a ekonomické nakladatelství a knihkupectví Bohumily Hořínkové a Jana Tuláčka 2006
Ausgabe:10. aktualiz. a dopl. vyd. podle stavu k 1.6.2006
Schlagworte:
Tags: Tag hinzufügen
Keine Tags, Fügen Sie das erste Tag hinzu!

MARC

LEADER 00000nam$a2200000$$$4500
001 0047615
005 20221207101410.0
020 |a 80-7201-607-5 
041 0 |a cze 
044 |a CZ 
245 1 0 |a Vzory smluv a podání  |b ve věcech: práva občanského, autorského, pracovního, obchodního, rodinného, stavebního finančního a evropského a v řízení: občanském soudním (včetně konkursu), trestním, soudním správním, notářském, správním (včetně katastru) a dále: podání adresovaná Evropskému soudnímu dvoru a Soudu prvního stupně  |c Milan Holub ... [et al.] 
250 |a 10. aktualiz. a dopl. vyd. podle stavu k 1.6.2006 
264 1 |a Praha  |b Linde Praha, a.s. - Právnické a ekonomické nakladatelství a knihkupectví Bohumily Hořínkové a Jana Tuláčka  |c 2006 
300 |a 1210 s.  |e 1 CD-ROM 
610 2 0 |a právo 
610 2 0 |a právo občianske 
610 2 0 |a právo autorské 
610 2 0 |a právo pracovné 
610 2 0 |a právo obchodné 
610 2 0 |a právo rodinné 
610 2 0 |a právo európske 
610 2 0 |a podania súdne 
610 2 0 |a Česko 
100 1 |a Holub, Milan